| 000 | 00783nam a22001577a 4500 | ||
|---|---|---|---|
| 003 | OSt | ||
| 005 | 20151207141411.0 | ||
| 008 | 151207b xxu||||| |||| 00| 0 eng d | ||
| 040 | _cRUA | ||
| 082 | _aFIS MEA 2006 B177 Or.1 | ||
| 100 |
_94451 _aMEAS SORPHORN; មាស សោភ័ណ្ឌ |
||
| 245 | _aThe contribution of fisheries products to household food security in buboung commune, peamror district, prey veng province, ការរួមចំណែកនៃផលិតផលជលផលចំពោះសន្តិសុខស្បៀងគ្រួសារ ក្នុងឃុំបាបោង ស្រុកពាមរក៏ ខេត្តព្រៃវែង. | ||
| 260 |
_aPhnom Penh _bRUA _c2006 |
||
| 300 |
_axi; 38p. _bill. _c29cm. |
||
| 942 |
_2ddc _cFIS |
||
| 999 |
_c4151 _d4151 |
||